01764cam a2200277Ia 4500020001800000020001500018040001000033082002600043245010100069246010000170300006200270500004800332520035600380650001300736650002100749650002000770700002200790700002400812856005500836942001000891999001700901952015100918952013901069952013901208952013901347 a9789251061428 a9251061424 cBTCTA aFAO NEW 2009 C136 Or.00aNew light on a hidden treasure :bInternational Year of the Potato 2008, an end-of-year review /30aInternational Year of the Potato 2008 :bnew light on a hidden treasure : an end-of-year review avi, 134 pages :bcolor illustrations, color maps ;c25 cm aStatement of responsibilities from colophon aThis end-of-year review records the International Year of the Potato (IYP)'s achievements and highlights its message that the potato is a vital part of the global food system, and will play a role in strengthening world food security and alleviating poverty. This book seeks to contribute to strengthening the potato industry.--Publisher's description 0aPotatoes 0aPotato industry. 0aPotato growers.1 aGr©Œme, Thomas.1 aSansonetti, Giulio.11uftp://ftp.fao.org/docrep/fao/011/i0500e/i0500e.pdf cAEDBB c21091d21091 0010406FAO_NEW_2009_000000000000000_C136_OR70992860aLBCbLBCcC136d2023-02-07oFAO NEW 2009 C136 Or.pa071363r2023-02-07w2023-02-07yAEDBB 0010406FAO_NEW_2009_000000000000000_C136_OR70992861aLBCbLBCcC136d2023-02-07oFAO NEW 2009 C136 Or.pa071315r2023-02-07yAEDBB 0010406FAO_NEW_2009_000000000000000_C136_OR70992862aLBCbLBCcC136d2023-02-07oFAO NEW 2009 C136 Or.pa071311r2023-02-07yAEDBB 0010406FAO_NEW_2009_000000000000000_C136_OR70992863aLBCbLBCcC136d2023-02-07oFAO NEW 2009 C136 Or.pa071307r2023-02-07yAEDBB